Neutral Countries Invaded during World War II - Statistics

General Stats
  • This quiz has been taken 184 times
  • The average score is 11 of 18
Answer Stats
Year Country who Invaded Answer After % Correct
1939 Germany/USSR Invades, Poland ---
95%
1940 Germany Invades Belgium ---
85%
1940 Germany Invades Norway ---
85%
1939 USSR Invades Finland ---
78%
1940 USSR Invades Latvia ---
76%
1940 USSR Invades Lithuania ---
76%
1940 USSR Invades Estonia ---
75%
1940 Italy Invades Greece ---
74%
1940 USSR Annexes parts of Romania ---
66%
1945 France Invades Cambodia Japanese Surrender
55%
1945 France Invades Vietnam Japanese Surrender
55%
1945 France Invades Laos Japanese Surrender
54%
1945 Netherlands Attempts to Invade Indonesia Japanese Surrender
52%
1941 British/USSR Invades Iran/Persia ---
48%
1941 Germany Invades USSR ---
42%
1941 British Invades Iraq ---
36%
1941 British Invades Syria ---
26%
1941 British Invades Lebanon ---
19%
No matching quizzes found
Score Distribution
Percent of People with Each Score
Percentile by Number Answered
Your Score History
You have not taken this quiz